000 01630nab a22002657a 4500
999 _c5326
_d5326
003 OSt
005 20250220115540.0
008 190605e xxu||||| |||| 00| 0 spa d
040 _cPJ
100 _96373
_aForconi, Ignacio
245 1 3 _aAlianzas estratégicas en seguridad y salud laboral. Un enfoque integral para la prevención y bienestar en el trabajo /
_cIgnacio Forconi, Victoria García Huidobro.
260 _aCiudad Autónoma de Buenos Aires :
_bThomson Reuters La Ley,
_c2025.
300 _ap. 156-175
500 _aCita Online: AR/DOC/3133/2024.
505 _aSumario: I. Introducción.— II. Vulnerabilidad de los trabajadores y de los usuarios y consumidores. Análisis comparativo de los arts. 20 de la ley 20.744 y 53 de la ley 24.240.— III. Reflexiones sobre los alcances del beneficio de justicia gratuita y el principio de gratuidad.— IV. Desafíos en el acceso a la justicia: El fallo "Cantos" de la Corte Interamericana de Derechos Humanos y la postura de la Corte Suprema de Justicia de la Nación.— V. Conclusión.
505 _t¿Te interesa el texto completo? Solicitalo al correo: koha@justierradelfuego.gov.ar
650 0 _91316
_aDERECHO LABORAL
650 0 _91430
_aRIESGOS DEL TRABAJO
650 0 _95144
_aASEGURADOR POR RIESGOS DEL TRABAJO
650 0 _96375
_aHIGIENE Y SEGURIDAD EN EL TRABAJO
650 0 _94925
_aORGANIZACION INTERNACIONAL DEL TRABAJO
700 _96374
_aGarcía Huidobro, Victoria
_ecoautor
773 0 _02711
_93168
_dCiudad Autónoma de Buenos Aires : Thomson Reuters La Ley, 1999-2002.
_tRevista de derecho del trabajo. Nº 1 - Enero 2025
942 _2udc
_cANA